Royaumes du Nord de The Witcher (majeurs) - Statistiques

Statistiques générales
  • Ce quiz a été pris 12 fois
  • Le résultat moyen est 5 sur 9
Statistiques - réponses
Royaumes du Nord (majeurs) % Correct
Kovir
80%
Témérie
80%
Cintra
70%
Rédanie
70%
Rivie
70%
Aedirn
40%
Kaedwen
40%
Lyrie
40%
Poviss
30%
Aucun quiz correspondant
Distribution des résultats
% des personnes avec chaque résultat
Percentile par nombre de réponses
Votre historique - résultats
Vous n’avez pas pris ce quiz